000 00570nam a2200181Ia 4500
008 090630s9999 xx 000 0 und d
082 _b13999
100 _aभोगले प्रभाकर.
245 _aसुमा.
_cभोगले प्रभाकर.
260 _bबांदोडकर - गोवा.
_c1985
300 _a319
600 _aभोगले प्रभाकर.
630 _aसुमा.
655 _aकादंबरी.
700 _aभोगले प्रभाकर.
730 _aसुमा.
942 _cBOOK
999 _c265855
_d265855